| 000 | 01126cam a2200241 4500 | ||
|---|---|---|---|
| 001 | ABS66072 | ||
| 008 | 021105n2002 000 0 eng u | ||
| 035 | _a(Sirsi) u120362 | ||
| 100 | _aWhite, A. | ||
| 245 | _aComplaints prompt a binding covenant | ||
| 260 | _c2002 | ||
| 490 |
_aEstates Gazette _v(0238) 21 September 2002, 196-197(2) |
||
| 520 | _aThe second in a four part series on the new voluntary code of practice for commercial leases focuses on occupiers. Many occupiers have complained about being bound by long-term inflexible leases that favour the landlord. Argues that the code should improve this situation by encouraging landlords to give occupiers more flexibility. Also discusses how this flexibility will affect values and herald a change for traditional valuation techniques. Code available at www.commercialleasecodeew.co.uk | ||
| 590 | _aABS | ||
| 650 | _aCODE OF PRACTICE | ||
| 650 | _aCOMMERCIAL LEASES | ||
| 650 | _aOCCUPIERS | ||
| 650 | _aFLEXIBLE LEASES | ||
| 650 | _aRENT REVIEWS | ||
| 650 |
_aValuation _96273 |
||
| 690 | _aLANDLORD AND TENANT-BUSINESS TENANCIES | ||
| 942 | _n0 | ||
| 999 |
_c71517 _d71517 |
||